000 00830nas a2200265 454500
001 IICA0700988
003 BR-BrBNA
005 20260323111600.0
007 ta
008 260323b bl.|||p| |||| 00| 00por d
040 _aBR-BrBNA
_bpor
_cBiblioteca Nacional de Agricultura
041 _a(Es)
072 _aH20
100 1 _aMattey F, J.
100 1 _aLópez Ch, R.
245 1 _aEvaluación de nematicidas y de métodos de aplicación en el combate de nemátodos fitoparásitos y en la producción y calidad de la lechuga
300 _av. 28(1) p. 15-18
650 _aALFACE
650 _aLACTUCA SATIVA
650 _aNEMATICIDA
650 _aNEMATOIDE
773 0 _tTURRIALBA (IICA)
_X0041-4360
_g(Jan-Mar 1978), v. 28(1) p. 15-18
_wIICA0700988
909 _a202603
_bLúcia
_c55
_dLúcia Elande
942 _2IICA
_n0
_cANA
999 _c340972
_d340972